Možnosti zefektívnenia zvyšovania minimálnej mzdy v podmienkach Slovenskej republiky

Chápanie minimálnej mzdy a jej definície. Funkcie minimálnej mzdy. Dôsledky zavedenia minimálnej mzdy. Spôsoby výpočtu minimálnej mzdy.

Saved in:
Bibliographic Details
Main Author: Vicen, Vlastimil
Other Authors: Minčič, Vladimír
Format: Book Chapter
Language:Slovak
Subjects:
Tags: Add Tag
No Tags, Be the first to tag this record!

MARC

LEADER 00000naa a2200000 4500
001 0241319
005 20220718123929.4
041 0 |a slo 
044 |a SK 
245 1 0 |a Možnosti zefektívnenia zvyšovania minimálnej mzdy v podmienkach Slovenskej republiky  |c Vlastimil Vicen, Vladimír Minčič 
520 |a Chápanie minimálnej mzdy a jej definície. Funkcie minimálnej mzdy. Dôsledky zavedenia minimálnej mzdy. Spôsoby výpočtu minimálnej mzdy. 
610 2 0 |a mzdy minimálne 
610 2 0 |a Slovensko 
610 2 0 |a predpisy právne 
610 2 0 |a vývoj mzdový 
610 2 0 |a definície 
100 1 |a Vicen, Vlastimil 
700 1 |a Minčič, Vladimír